[Event "2BLN 1920 Hamburger SK II - SG Turm Kie"]
[Site "?"]
[Date "2019.11.24"]
[Round "4.2"]
[White "Voigt, Roland"]
[Black "Pajeken, Jakob Leon"]
[Result "0-1"]
[WhiteElo "2457"]
[BlackElo "2323"]
[PlyCount "74"]
[EventDate "2019.??.??"]

1. c4 e5 2. g3 c6 3. Bg2 d5 4. cxd5 cxd5 5. d3 Nc6 6. Nc3 d4 7. Ne4 f5 8. Nd2
Be6 9. Ngf3 Nf6 10. Qa4 Nd7 11. Nc4 Nb6 12. Nxb6 axb6 13. Qc2 Be7 14. O-O O-O
15. a3 Bf6 16. Nd2 b5 17. Nb3 Bd5 18. Nc5 Bxg2 19. Kxg2 Qd5+ 20. f3 Na5 21. Bd2
b6 22. Bxa5 bxa5 23. Qb3 Qxb3 24. Nxb3 a4 25. Nc5 Rfc8 26. Rac1 Rc6 27. Nd7
Rac8 28. Rxc6 Rxc6 29. Rb1 Rc2 30. Kf1 Bg5 31. b3 b4 32. axb4 a3 33. b5 a2 34.
Ra1 Rc1+ 35. Rxc1 Bxc1 36. b6 a1=Q 37. b7 Be3+ 0-1

[Event "2BLN 1920 Hamburger SK II - SG Turm Kie"]
[Site "?"]
[Date "2019.11.24"]
[Round "4.3"]
[White "Boe, Mads"]
[Black "Bracker, Frank"]
[Result "1/2-1/2"]
[WhiteElo "2280"]
[BlackElo "2385"]
[PlyCount "81"]
[EventDate "2019.??.??"]

1. d4 Nf6 2. Bf4 g6 3. Nf3 Bg7 4. e3 O-O 5. h3 d6 6. Bc4 b6 7. O-O Bb7 8. Nbd2
Nbd7 9. c3 c5 10. a4 cxd4 11. exd4 Nd5 12. Bh2 N7f6 13. Re1 a6 14. Qe2 Ra7 15.
Ng5 Bh6 16. Ndf3 Qd7 17. Bb3 Ba8 18. c4 Nb4 19. Bf4 Bg7 20. Bd2 a5 21. Nh2 h6
22. Ngf3 d5 23. Ne5 Qd6 24. Nhf3 e6 25. Rac1 dxc4 26. Nxc4 Qd8 27. Bxb4 axb4
28. Nce5 Qd6 29. Nc4 Bxf3 30. Nxd6 Bxe2 31. Rxe2 Rd8 32. Rc6 Rad7 33. Nb5 Nd5
34. Bxd5 Rxd5 35. Rxb6 b3 36. Nc3 Rxd4 37. Rxb3 Rc4 38. Ra3 Ra8 39. Rc2 Bxc3
40. Rcxc3 Rxc3 41. Rxc3 1/2-1/2

[Event "2BLN 1920 Hamburger SK II - SG Turm Kie"]
[Site "?"]
[Date "2019.11.24"]
[Round "4.4"]
[White "Kramer, Julian"]
[Black "Berg, Klaus"]
[Result "1-0"]
[WhiteElo "2376"]
[BlackElo "2287"]
[PlyCount "69"]
[EventDate "2019.??.??"]

1. e4 c6 2. Nc3 d5 3. Nf3 Bg4 4. h3 Bxf3 5. Qxf3 e6 6. d4 dxe4 7. Nxe4 Qxd4 8.
Bg5 f5 9. Nd2 Nd7 10. Bc4 Be7 11. Bxe7 Nxe7 12. O-O-O Qf6 13. Rhe1 e5 14. Qe3
b6 15. g4 O-O-O 16. g5 Qf8 17. Be6 Ng6 18. Nc4 Kc7 19. Bxd7 Rxd7 20. Rxd7+ Kxd7
21. Nxe5+ Nxe5 22. Qxe5 Qf7 23. Rd1+ Kc8 24. Qd6 Qe8 25. a4 Rf8 26. a5 bxa5 27.
Qc5 Rf7 28. Qxa5 Qe7 29. Kb1 Qc7 30. Qa6+ Kb8 31. Qc4 g6 32. Rd3 Rd7 33. Qb3+
Ka8 34. Qg8+ Kb7 35. Rb3+ 1-0

[Event "2BLN 1920 Hamburger SK II - SG Turm Kie"]
[Site "?"]
[Date "2019.11.24"]
[Round "4.5"]
[White "Luckow, Rolf"]
[Black "Papp, Sarah"]
[Result "0-1"]
[WhiteElo "2318"]
[BlackElo "2209"]
[PlyCount "128"]
[EventDate "2019.??.??"]

1. Nf3 Nf6 2. b3 d5 3. Bb2 Bg4 4. e3 Nbd7 5. Be2 e6 6. O-O Bd6 7. c4 c6 8. Nc3
O-O 9. cxd5 Bxf3 10. Bxf3 exd5 11. Rc1 Re8 12. Ne2 Ne5 13. Bxe5 Bxe5 14. d4 Bd6
15. Rb1 a5 16. Nc1 Ne4 17. Bxe4 dxe4 18. Qg4 Re6 19. g3 Qf8 20. Ne2 f5 21. Qh3
Rh6 22. Qg2 Qe7 23. Rfd1 a4 24. d5 c5 25. Nf4 Bxf4 26. exf4 axb3 27. axb3 Rb6
28. Qf1 Rb4 29. Qe1 Qf6 30. Kg2 Rd8 31. f3 exf3+ 32. Kxf3 Re4 33. Qa5 b6 34.
Qb5 Qe7 35. Kf2 Re8 36. Rd2 Rd4 37. Rxd4 cxd4 38. Rf1 Qe3+ 39. Kg2 Qe4+ 40. Kf2
Qe3+ 41. Kg2 Qe4+ 42. Kf2 Rc8 43. Kg1 Rc2 44. Rf3 h6 45. Qf1 Qxd5 46. Rd3 Qc5
47. Qf3 Kh7 48. g4 Ra2 49. gxf5 Qc2 50. Rd1 Qxh2+ 51. Kf1 Qc2 52. f6 gxf6 53.
Qd3+ Qxd3+ 54. Rxd3 Rb2 55. f5 h5 56. Ke1 Kh6 57. Rg3 h4 58. Rg6+ Kh5 59. Rxf6
Rxb3 60. Rf8 h3 61. f6 Kg6 62. Kf2 Rb2+ 63. Kg1 d3 64. f7 d2 0-1

[Event "2BLN 1920 Hamburger SK II - SG Turm Kie"]
[Site "?"]
[Date "2019.11.24"]
[Round "4.6"]
[White "Balcerak, Philipp"]
[Black "Zeller, Joerg"]
[Result "1/2-1/2"]
[WhiteElo "2345"]
[BlackElo "2179"]
[PlyCount "65"]
[EventDate "2019.??.??"]

1. Nf3 Nf6 2. c4 g6 3. b3 Bg7 4. Bb2 O-O 5. g3 d6 6. d4 c6 7. Bg2 Qa5+ 8. Nbd2
Re8 9. O-O Qh5 10. e4 Bh3 11. e5 Ng4 12. Re1 dxe5 13. dxe5 Na6 14. Bxh3 Qxh3
15. e6 f6 16. Nf1 Rad8 17. Qe2 Nc7 18. Rad1 Nh6 19. Bd4 b6 20. c5 Qxe6 21.
Qxe6+ Nxe6 22. Rxe6 bxc5 23. Rxc6 cxd4 24. Rxd4 e5 25. Rxd8 Rxd8 26. Rc7 e4 27.
Nh4 Ng4 28. h3 Ne5 29. Rxa7 f5 30. Rc7 Rd1 31. Rc8+ Kf7 32. Rc7+ Kg8 33. Rc8+
1/2-1/2

[Event "2BLN 1920 Hamburger SK II - SG Turm Kie"]
[Site "?"]
[Date "2019.11.24"]
[Round "4.7"]
[White "Boehm, Thomas"]
[Black "Sehner, Norbert"]
[Result "1/2-1/2"]
[WhiteElo "2134"]
[BlackElo "2326"]
[PlyCount "101"]
[EventDate "2019.??.??"]

1. d4 d5 2. Nf3 c6 3. g3 Bg4 4. Bg2 Nd7 5. Nbd2 Ngf6 6. O-O g6 7. h3 Bxf3 8.
Nxf3 Bg7 9. c3 O-O 10. Bf4 Re8 11. Qb3 Qb6 12. Ne5 h6 13. g4 Qxb3 14. axb3 g5
15. Bg3 Nxe5 16. Bxe5 Nd7 17. Bg3 e5 18. e3 a6 19. Rfe1 Nf8 20. Rad1 Rad8 21.
Kf1 Ng6 22. Rd2 exd4 23. exd4 Rxe1+ 24. Kxe1 Bf8 25. Bf1 Bd6 26. Bd3 Bxg3 27.
fxg3 Ne7 28. Re2 Kf8 29. Kd2 Rd6 30. Rf2 Kg7 31. Rf3 a5 32. Rf1 Rf6 33. Rxf6
Kxf6 34. Ke3 Ke6 35. Bc2 b6 36. Bd3 Kd6 37. Bc2 c5 38. Bd3 Kc6 39. Bc2 cxd4+
40. Kxd4 Kd6 41. Bd3 Nc6+ 42. Ke3 Kc5 43. Be2 b5 44. Kd3 b4 45. Ke3 d4+ 46.
cxd4+ Nxd4 47. Bd1 Kd5 48. Kd3 Ke5 49. Ke3 f5 50. gxf5 Nxf5+ 51. Kf3 1/2-1/2

[Event "2BLN 1920 Hamburger SK II - SG Turm Kie"]
[Site "?"]
[Date "2019.11.24"]
[Round "4.8"]
[White "Doberitz, Paul"]
[Black "Budzyn, Matthias"]
[Result "1/2-1/2"]
[WhiteElo "2181"]
[BlackElo "2102"]
[PlyCount "70"]
[EventDate "2019.??.??"]

1. Nf3 Nf6 2. c4 g6 3. b3 Bg7 4. Bb2 c5 5. g3 Nc6 6. Bg2 d6 7. O-O O-O 8. d4
Ne4 9. Nbd2 Bf5 10. Nh4 Nxd2 11. Qxd2 Nxd4 12. Nxf5 Nxf5 13. Bxg7 Kxg7 14. Bxb7
Rb8 15. Be4 Nd4 16. e3 Ne6 17. h4 Nc7 18. Qa5 a6 19. Kg2 f5 20. Bf3 e5 21. Rad1
e4 22. Be2 Ne8 23. Qxd8 Rxd8 24. Rd2 a5 25. g4 fxg4 26. Bxg4 Kf6 27. f3 exf3+
28. Bxf3 Ke7 29. Re1 Nf6 30. Red1 h6 31. Kg3 g5 32. hxg5 hxg5 33. Rh2 Rh8 34.
Rdh1 Rxh2 35. Rxh2 Ke6 1/2-1/2

[Event "2BLN 1920 FC St. Pauli - SV Werder Brem"]
[Site "?"]
[Date "2019.11.24"]
[Round "4.1"]
[White "Nyback, Tomi"]
[Black "Socko, Bartosz"]
[Result "1/2-1/2"]
[WhiteElo "2559"]
[BlackElo "2622"]
[PlyCount "61"]
[EventDate "2019.??.??"]

1. d4 Nf6 2. c4 e6 3. Nf3 b6 4. g3 Bb7 5. Bg2 Be7 6. O-O O-O 7. Bf4 c5 8. dxc5
Bxc5 9. Nc3 Nc6 10. Bd6 Bxd6 11. Qxd6 Qe7 12. Nb5 a6 13. Qxe7 Nxe7 14. Nd6 Bxf3
15. Bxf3 Ra7 16. Rfd1 Rb8 17. Rd3 Kf8 18. Rad1 Nc8 19. Rb3 Rc7 20. Nxc8 Rcxc8
21. Rd6 Rxc4 22. Rdxb6 Rxb6 23. Rxb6 a5 24. b3 Rc5 25. a4 Ke7 26. e3 Nd5 27.
Bxd5 Rxd5 28. Kg2 f5 29. b4 axb4 30. Rxb4 Rd2 31. g4 1/2-1/2

[Event "2BLN 1920 FC St. Pauli - SV Werder Brem"]
[Site "?"]
[Date "2019.11.24"]
[Round "4.2"]
[White "Krause, Benedict"]
[Black "Pruijssers, Roeland"]
[Result "0-1"]
[WhiteElo "2433"]
[BlackElo "2557"]
[PlyCount "140"]
[EventDate "2019.??.??"]

1. e4 e5 2. Nf3 Nc6 3. Bc4 Bc5 4. O-O Nf6 5. d3 d6 6. c3 a6 7. Bb3 O-O 8. h3
Ba7 9. Re1 Be6 10. Nbd2 h6 11. Nf1 Re8 12. Ng3 d5 13. exd5 Bxd5 14. Bc2 Qd7 15.
Nh4 Bc5 16. Nhf5 Bf8 17. b4 b5 18. a4 Rad8 19. Bd2 Kh8 20. axb5 axb5 21. Ra6
Qc8 22. Ra3 Be6 23. Ne3 Ne7 24. Nh5 Nxh5 25. Qxh5 Ng6 26. Qf3 c6 27. Rea1 Nf4
28. d4 Nd5 29. Qe4 Nf6 30. Qh4 exd4 31. cxd4 Qb8 32. Nf5 Bxf5 33. Bxf5 Qd6 34.
Rd3 Qd5 35. Qf4 Bd6 36. Qf3 Qxf3 37. Rxf3 Nd5 38. Rb3 Re2 39. Rd1 Ra8 40. Kf1
Re7 41. Rc1 Ra6 42. g3 h5 43. h4 g6 44. Bd3 Kg7 45. Rb2 Re6 46. Re1 Rxe1+ 47.
Kxe1 Ra4 48. Bc2 Nxb4 49. Bxb4 Bxb4+ 50. Ke2 Bc3 51. Bxa4 Bxb2 52. Bc2 Bxd4 53.
Be4 c5 54. Bc6 b4 55. Bd5 f5 56. f4 Kf6 57. Bc4 Ke7 58. Bb3 Bc3 59. Bc4 Kd6 60.
Bf7 Kc6 61. Kd3 Kb5 62. Be8+ Ka5 63. Bxg6 Be1 64. Bxh5 b3 65. Bf7 Kb4 66. h5
Bxg3 67. Be6 Bxf4 68. Bxf5 c4+ 69. Ke2 c3 70. Kd1 Ka3 0-1

[Event "2BLN 1920 FC St. Pauli - SV Werder Brem"]
[Site "?"]
[Date "2019.11.24"]
[Round "4.3"]
[White "Grigorian, Spartak"]
[Black "Feuerstack, Aljoscha"]
[Result "1/2-1/2"]
[WhiteElo "2360"]
[BlackElo "2444"]
[PlyCount "131"]
[EventDate "2019.??.??"]

1. d4 d5 2. c4 e6 3. Nc3 Nf6 4. Bg5 Be7 5. e3 h6 6. Bh4 O-O 7. Nf3 Ne4 8. Bxe7
Qxe7 9. Rc1 Nxc3 10. Rxc3 c6 11. h4 Nd7 12. g4 e5 13. cxd5 cxd5 14. g5 h5 15.
Bb5 exd4 16. Qxd4 Qd6 17. O-O Rd8 18. Bxd7 Bxd7 19. Qe5 Qa6 20. Nd4 Qxa2 21.
Rc7 Qa6 22. Qe7 Be8 23. Rfc1 Qd6 24. Rxb7 Qxe7 25. Rxe7 Rd7 26. Rxd7 Bxd7 27.
Rc5 Be6 28. Rc6 Rb8 29. b3 Kf8 30. f4 Bg4 31. Rc7 a6 32. Rc6 Bd1 33. Rc1 Bg4
34. Kf2 g6 35. Ke1 Rb6 36. Kd2 Ke7 37. Rc7+ Bd7 38. Ra7 f6 39. gxf6+ Rxf6 40.
Nf3 Ke8 41. Ne5 Bf5 42. Ra8+ Ke7 43. Rb8 Be4 44. Kc3 Ke6 45. Kd4 Kf5 46. b4 Bg2
47. Ra8 Be4 48. Re8 Bg2 49. Ra8 Be4 50. Nd7 Rd6 51. Nc5 Rb6 52. Nxa6 Kg4 53.
Kc5 Rb7 54. Rb8 Rxb8 55. Nxb8 Kxh4 56. Nc6 Kg3 57. b5 Bd3 58. Ne7 h4 59. b6 Ba6
60. f5 gxf5 61. Nxf5+ Kg4 62. Nxh4 Kxh4 63. Kxd5 Kg4 64. e4 Bb7+ 65. Ke5 Kf3
66. Kd6 1/2-1/2

[Event "2BLN 1920 FC St. Pauli - SV Werder Brem"]
[Site "?"]
[Date "2019.11.24"]
[Round "4.4"]
[White "Socko, Monika"]
[Black "Reuker, Jari"]
[Result "0-1"]
[WhiteElo "2417"]
[BlackElo "2379"]
[PlyCount "62"]
[EventDate "2019.??.??"]

1. d4 Nf6 2. c4 e6 3. Nf3 d5 4. g3 Be7 5. Bg2 O-O 6. O-O dxc4 7. Ne5 Nc6 8.
Bxc6 bxc6 9. Nxc6 Qe8 10. Nxe7+ Qxe7 11. Qc2 e5 12. Rd1 Bb7 13. Nc3 Qe6 14.
dxe5 Qh3 15. e4 Ng4 16. f4 Rad8 17. Nd5 f5 18. exf6 Rfe8 19. Qg2 Qh5 20. h3
Bxd5 21. hxg4 Qxg4 22. Be3 Bxe4 23. Rxd8 Bxg2 24. Rxe8+ Kf7 25. Re1 Kxe8 26.
Bd4+ Kf7 27. Re7+ Kf8 28. Kxg2 gxf6 29. Rxc7 Qe2+ 30. Kh3 Qh5+ 31. Kg2 Qd5+ 0-1

[Event "2BLN 1920 FC St. Pauli - SV Werder Brem"]
[Site "?"]
[Date "2019.11.24"]
[Round "4.5"]
[White "Meins, Gerlef"]
[Black "Sawatzki, Frank"]
[Result "1-0"]
[WhiteElo "2410"]
[BlackElo "2398"]
[PlyCount "103"]
[EventDate "2019.??.??"]

1. d4 d5 2. c4 c6 3. Nf3 Nf6 4. Nc3 dxc4 5. a4 Bf5 6. e3 e6 7. Bxc4 Bb4 8. O-O
Nbd7 9. Qe2 Bg6 10. e4 O-O 11. Bd3 Bh5 12. e5 Nd5 13. Nxd5 cxd5 14. Qe3 Re8 15.
Bd2 Qa5 16. Qe1 Bxd2 17. Qxd2 Qd8 18. Ng5 Bg6 19. Bxg6 fxg6 20. h4 h6 21. Nf3
Rf8 22. Rfc1 Nb8 23. Qd3 Rf5 24. Qb5 Rf7 25. Qd3 Nc6 26. Qxg6 Qe7 27. Ra3 Raf8
28. Rac3 Qd7 29. b4 a6 30. b5 axb5 31. axb5 Ne7 32. Qd3 Nc8 33. Qg6 Ne7 34. Qb1
Qd8 35. Rc7 Nf5 36. Rxf7 Rxf7 37. h5 Rc7 38. g4 Ne7 39. Rxc7 Qxc7 40. Kg2 Qc4
41. b6 Kf7 42. Kg3 Qc3 43. Kg2 g6 44. hxg6+ Nxg6 45. Kg3 Qa3 46. Qc2 h5 47.
gxh5 Ne7 48. Kg2 Nf5 49. Qc7+ Kg8 50. Qc8+ Kg7 51. Qxb7+ Kh6 52. Qc8 1-0

[Event "2BLN 1920 FC St. Pauli - SV Werder Brem"]
[Site "?"]
[Date "2019.11.24"]
[Round "4.6"]
[White "Ertan, Can"]
[Black "Joachim, Sven"]
[Result "0-1"]
[WhiteElo "2378"]
[BlackElo "2379"]
[PlyCount "110"]
[EventDate "2019.??.??"]

1. e4 e5 2. Nf3 Nc6 3. Bb5 a6 4. Ba4 Nf6 5. O-O Be7 6. Re1 b5 7. Bb3 d6 8. c3
O-O 9. d4 Bg4 10. Be3 exd4 11. cxd4 d5 12. e5 Ne4 13. Nbd2 Nxd2 14. Qxd2 Bxf3
15. gxf3 Bb4 16. Qc2 Na5 17. Rec1 Rc8 18. Qd3 Nc4 19. Bc2 g6 20. Bh6 Re8 21. b3
Qh4 22. bxc4 Qxh6 23. cxd5 Bd2 24. Re1 c5 25. dxc6 Rxc6 26. Qe4 Rec8 27. Bb3
Bxe1 28. Rxe1 Rc1 29. e6 Rxe1+ 30. Qxe1 Rc1 31. Bd1 Qg5+ 32. Kf1 fxe6 33. Qxe6+
Kg7 34. Ke2 Rc7 35. Kd3 Qf5+ 36. Qe4 Re7 37. Qxf5 gxf5 38. d5 Kf6 39. Kd4 Re1
40. Bb3 a5 41. d6 a4 42. Bg8 Rc1 43. Bxh7 b4 44. Bg8 Rc2 45. h4 b3 46. axb3 a3
47. b4 a2 48. Bxa2 Rxa2 49. Kd5 Rd2+ 50. Kc6 Ke6 51. b5 Rc2+ 52. Kb7 Kxd6 53.
b6 Rxf2 54. h5 Rxf3 55. Kc8 Rc3+ 0-1

[Event "2BLN 1920 FC St. Pauli - SV Werder Brem"]
[Site "?"]
[Date "2019.11.24"]
[Round "4.7"]
[White "Richter, Christian"]
[Black "Voigt, Martin"]
[Result "0-1"]
[WhiteElo "2358"]
[BlackElo "2292"]
[PlyCount "74"]
[EventDate "2019.??.??"]

1. d4 Nf6 2. Nf3 d5 3. c4 e6 4. Nc3 a6 5. cxd5 exd5 6. Bg5 Be6 7. e3 Nbd7 8.
Bd3 Bd6 9. Qc2 h6 10. Bh4 O-O 11. Bg3 Bxg3 12. hxg3 c5 13. dxc5 Nxc5 14. Nd4
Rc8 15. Qd2 Qd6 16. Bc2 Qe5 17. Nf3 Qc7 18. Rh4 Rfd8 19. Nd4 Qe5 20. Nf3 Qc7
21. Nd4 b5 22. a3 Nfe4 23. Nxe4 dxe4 24. b4 Nd3+ 25. Bxd3 exd3 26. Qxd3 Bd5 27.
Rh2 Qe5 28. Qd2 Bc4 29. Rh4 Rd6 30. Rc1 Rcd8 31. Rxc4 bxc4 32. Kf1 g5 33. Rh3
Rxd4 34. exd4 Rxd4 35. Qe2 Re4 36. Qd1 c3 37. Rxh6 Kg7 0-1

[Event "2BLN 1920 FC St. Pauli - SV Werder Brem"]
[Site "?"]
[Date "2019.11.24"]
[Round "4.8"]
[White "Mueller, Fabian"]
[Black "Wachinger, Nikolas"]
[Result "1-0"]
[WhiteElo "2328"]
[BlackElo "2242"]
[PlyCount "107"]
[EventDate "2019.??.??"]

1. d4 Nf6 2. c4 g6 3. Nc3 Bg7 4. Nf3 O-O 5. Bg5 d6 6. e3 Nbd7 7. Qc2 c5 8. d5
Qa5 9. Nd2 e6 10. Be2 a6 11. O-O exd5 12. cxd5 b5 13. Rfd1 Re8 14. a4 b4 15.
Nce4 Nxe4 16. Nxe4 b3 17. Qd2 Qc7 18. Nc3 Rb8 19. Bf4 Rb4 20. Bf1 Ne5 21. Bg3
Qb7 22. Kh1 Bf5 23. a5 Bc2 24. Re1 f5 25. h3 Ra8 26. Na4 Nf7 27. Nb6 Re8 28.
Nc4 Rxc4 29. Bxc4 Bxb2 30. Rab1 Bxb1 31. Rxb1 Ba3 32. Rxb3 Bb4 33. Qa2 Qc7 34.
Qa4 Rc8 35. Bxa6 Ra8 36. Bc4 Qxa5 37. Qd7 Qa1+ 38. Kh2 Qc1 39. Ba6 Qc2 40. Rd3
Kg7 41. Qb7 Re8 42. Bb5 Rd8 43. Bh4 Rg8 44. Bd7 Qxd3 45. Be6 Rf8 46. Be7 Re8
47. Bg5 Rf8 48. Be7 Re8 49. Bxf7 Rxe7 50. Qxe7 Bc3 51. Be6+ Kh6 52. Qh4+ Kg7
53. Qe7+ Kh6 54. Bg8 1-0

[Event "2BLN 1920 SF Berlin II - Hamburger SK I"]
[Site "?"]
[Date "2019.12.07"]
[Round "5.1"]
[White "Souleidis, Georgios"]
[Black "Lauber, Arnd"]
[Result "1/2-1/2"]
[WhiteElo "2418"]
[BlackElo "2405"]
[PlyCount "79"]
[EventDate "2019.??.??"]

1. e4 c6 2. d4 d5 3. e5 Bf5 4. h4 h5 5. Bd3 Bxd3 6. Qxd3 e6 7. Nf3 Ne7 8. O-O
Nf5 9. Bg5 Qb6 10. Nbd2 Qa6 11. c4 Bb4 12. b3 Nd7 13. Rfd1 O-O 14. Nf1 Nb6 15.
a3 Be7 16. Bxe7 Nxe7 17. Ng5 g6 18. Ne3 Rad8 19. Qc2 dxc4 20. bxc4 Qa4 21. Qc3
c5 22. dxc5 Nd7 23. Ne4 Qc6 24. Nf6+ Nxf6 25. exf6 Nf5 26. Nxf5 exf5 27. Rxd8
Rxd8 28. Qe5 Re8 29. Qd4 Re4 30. Qd8+ Re8 31. Qd6 Re6 32. Qxc6 Rxc6 33. Rb1 b6
34. cxb6 axb6 35. Rb5 Rxf6 36. c5 bxc5 37. Rxc5 Ra6 38. Rc3 Ra4 39. g3 f4 40.
Kg2 1/2-1/2

[Event "2BLN 1920 SF Berlin II - Hamburger SK I"]
[Site "?"]
[Date "2019.12.07"]
[Round "5.2"]
[White "Schmidek, Emil"]
[Black "Meissner, Felix"]
[Result "1-0"]
[WhiteElo "2409"]
[BlackElo "2377"]
[PlyCount "55"]
[EventDate "2019.??.??"]

1. e4 d5 2. exd5 Qxd5 3. Nc3 Qd8 4. d4 Nf6 5. Nf3 Bg4 6. Be2 e6 7. h3 Bh5 8.
O-O Be7 9. g4 Bg6 10. Ne5 Nfd7 11. f4 Nxe5 12. dxe5 Qxd1 13. Bxd1 f6 14. exf6
gxf6 15. f5 Bf7 16. Bf3 c6 17. fxe6 Bxe6 18. Bf4 O-O 19. Rae1 Bc5+ 20. Kg2 Bc4
21. Be2 Bxe2 22. Rxe2 Nd7 23. Ne4 Rae8 24. Rd1 Nb6 25. Nxf6+ Rxf6 26. Rxe8+ Kf7
27. Re4 Nd5 28. Rf1 1-0

[Event "2BLN 1920 SF Berlin II - Hamburger SK I"]
[Site "?"]
[Date "2019.12.07"]
[Round "5.3"]
[White "Bracker, Frank"]
[Black "Agopov, Mikael"]
[Result "0-1"]
[WhiteElo "2383"]
[BlackElo "2430"]
[PlyCount "76"]
[EventDate "2019.??.??"]

1. Nf3 c5 2. e4 e6 3. d4 cxd4 4. Nxd4 Nc6 5. Nc3 Qc7 6. g3 a6 7. Bg2 d6 8. Nxc6
bxc6 9. O-O Nf6 10. b3 Be7 11. Bb2 O-O 12. Na4 d5 13. exd5 cxd5 14. c4 Bb7 15.
Rc1 Rad8 16. cxd5 Qb8 17. Qe2 Nxd5 18. Nc5 Bxc5 19. Rxc5 Rd7 20. Rfc1 Rfd8 21.
h4 Qd6 22. a3 f6 23. h5 h6 24. Bh3 Nc7 25. b4 Qe7 26. Bd4 Kh8 27. Be3 Nb5 28.
a4 Nd6 29. Bf4 Ne4 30. R5c4 f5 31. Bg2 Bd5 32. Rc8 Qxb4 33. Qxa6 Qb2 34. Bxe4
Bxe4 35. Qxe6 Qd4 36. Qg6 Qd1+ 37. Kh2 Qf3 38. Rxd8+ Rxd8 0-1

[Event "2BLN 1920 SF Berlin II - Hamburger SK I"]
[Site "?"]
[Date "2019.12.07"]
[Round "5.4"]
[White "Polzin, Rainer"]
[Black "Colpe, Malte"]
[Result "1-0"]
[WhiteElo "2407"]
[BlackElo "2368"]
[PlyCount "111"]
[EventDate "2019.??.??"]

1. e4 c5 2. Nc3 Nc6 3. Bb5 Nd4 4. Bc4 e6 5. Nf3 a6 6. Nxd4 cxd4 7. Ne2 Nf6 8.
d3 Bc5 9. O-O d5 10. exd5 Nxd5 11. Nf4 Nxf4 12. Bxf4 O-O 13. Qf3 Bd6 14. Rfe1
Bxf4 15. Qxf4 b5 16. Bb3 Bb7 17. Re5 Qd6 18. Qg3 Rac8 19. Rae1 Rc5 20. Rxc5
Qxc5 21. Re5 Qc7 22. f4 g6 23. h4 Kh8 24. h5 gxh5 25. Qh4 Qd8 26. Rg5 Rg8 27.
Rxg8+ Qxg8 28. Qf6+ Qg7 29. Qd8+ Qg8 30. Qf6+ Qg7 31. Qd8+ Qg8 32. Qxd4+ Qg7
33. Qd8+ Qg8 34. Qf6+ Qg7 35. Qd8+ Qg8 36. Qxg8+ Kxg8 37. g3 Kg7 38. Kh2 Kf6
39. Kh3 Bf3 40. c3 h4 41. a4 Kf5 42. Bc2 bxa4 43. Bxa4 Bg4+ 44. Kxh4 a5 45. Bc6
Kf6 46. d4 Ke7 47. Be4 Kd6 48. c4 Ke7 49. c5 Kd7 50. f5 Ke7 51. fxe6 Kxe6 52.
Bg2 a4 53. Bh3 f5 54. Bg2 Bd1 55. d5+ Kd7 56. d6 1-0

[Event "2BLN 1920 SF Berlin II - Hamburger SK I"]
[Site "?"]
[Date "2019.12.07"]
[Round "5.5"]
[White "Kramer, Julian"]
[Black "Suran, Jan"]
[Result "1/2-1/2"]
[WhiteElo "2395"]
[BlackElo "2383"]
[PlyCount "67"]
[EventDate "2019.??.??"]

1. e4 c5 2. Nf3 Nc6 3. Bb5 Nf6 4. e5 Nd5 5. Nc3 Nc7 6. Bxc6 dxc6 7. Ne4 Qd5 8.
Nc3 Qd8 9. h3 Bf5 10. Nh4 e6 11. Nxf5 exf5 12. d3 Ne6 13. O-O Be7 14. Ne2 Qd5
15. f4 O-O 16. g4 fxg4 17. hxg4 f5 18. Be3 g6 19. Ng3 Ng7 20. g5 Rad8 21. b3
Ne6 22. Ne2 b6 23. a4 a5 24. Nc3 Qd7 25. Qf3 Rf7 26. Kg2 Bf8 27. Rh1 Qc7 28.
Rh3 Rdd7 29. Rah1 Rd8 30. R1h2 Rdd7 31. Kf1 Rd8 32. Kg2 Rdd7 33. Kf1 Rd8 34.
Kg2 1/2-1/2

[Event "2BLN 1920 SF Berlin II - Hamburger SK I"]
[Site "?"]
[Date "2019.12.07"]
[Round "5.6"]
[White "Ahlander, Bjorn"]
[Black "Van Delft, Merijn"]
[Result "1/2-1/2"]
[WhiteElo "2412"]
[BlackElo "2369"]
[PlyCount "101"]
[EventDate "2019.??.??"]

1. d4 Nf6 2. c4 g6 3. Nc3 Bg7 4. e4 d6 5. Nf3 O-O 6. Be2 e5 7. O-O Nc6 8. Be3
Re8 9. dxe5 dxe5 10. h3 h6 11. Re1 Be6 12. Qc1 Kh7 13. Rd1 Qc8 14. Qc2 Kh8 15.
Nd5 Ng8 16. b4 Nce7 17. Qc3 f6 18. Nd2 f5 19. f3 Nc6 20. Nb3 Nd8 21. Qd2 Bf7
22. Bd3 f4 23. Bf2 Ne6 24. Qc2 c6 25. Nc3 Qc7 26. a4 Bf8 27. c5 Rad8 28. Ne2
Re7 29. Na5 Nf6 30. Bc4 Red7 31. Bb3 Rxd1+ 32. Rxd1 Rxd1+ 33. Qxd1 b6 34. cxb6
axb6 35. Nc4 b5 36. axb5 cxb5 37. Na3 Bxb4 38. Nxb5 Qd7 39. Qxd7 Nxd7 40. Nc1
Bc5 41. Nd3 Bxf2+ 42. Kxf2 Kg7 43. Nd6 Kf6 44. Ke1 g5 45. Kd2 Bg6 46. Bxe6 Kxe6
47. Nb7 Nf6 48. Nbc5+ Kd6 49. Nb7+ Ke6 50. Nbc5+ Kd6 51. Nb7+ 1/2-1/2

[Event "2BLN 1920 SF Berlin II - Hamburger SK I"]
[Site "?"]
[Date "2019.12.07"]
[Round "5.8"]
[White "Chatzidakis, Mihail"]
[Black "Doberitz, Paul"]
[Result "1-0"]
[WhiteElo "2350"]
[BlackElo "2170"]
[PlyCount "137"]
[EventDate "2019.??.??"]

1. e4 c5 2. Nf3 d6 3. d4 cxd4 4. Nxd4 Nf6 5. Nc3 g6 6. Be3 Bg7 7. Be2 Nc6 8.
Qd2 Bd7 9. O-O-O O-O 10. h4 h5 11. f3 Nxd4 12. Bxd4 Qa5 13. Kb1 Rfc8 14. Bxf6
exf6 15. Nd5 Qxd2 16. Rxd2 Kf8 17. Ne3 Bh6 18. Rxd6 Ke7 19. Rhd1 Be6 20. R6d3
Bf4 21. Nd5+ Bxd5 22. Rxd5 Rd8 23. Bc4 Rxd5 24. Bxd5 Rd8 25. g4 hxg4 26. fxg4
b6 27. c3 Rh8 28. Rh1 Rh7 29. h5 Kd6 30. Bc4 Ke5 31. Kc2 gxh5 32. gxh5 Rh8 33.
Bxf7 Kxe4 34. Re1+ Be3 35. Bg6+ Kf4 36. Rd1 Ke5 37. Re1 Kf4 38. Rd1 Ke5 39. Rd7
a5 40. Re7+ Kf4 41. Re6 Rf8 42. h6 Kg5 43. Bd3 Bc5 44. h7 Rh8 45. a3 f5 46. b4
axb4 47. axb4 Bg1 48. Re7 Kf6 49. Re1 Bh2 50. Bc4 Rxh7 51. Re6+ Kg5 52. Rxb6 f4
53. Bd5 Bg1 54. Rc6 Rh6 55. Rxh6 Kxh6 56. Kd3 Kg5 57. Kc4 Kf5 58. Kb5 Be3 59.
c4 Ke5 60. Kc6 Kd4 61. Kb5 Bd2 62. Bg2 Ke5 63. c5 Ke6 64. Kc4 Kd7 65. b5 Ke6
66. b6 Kd7 67. Kb5 f3 68. c6+ Kc8 69. Bh3+ 1-0

[Event "2BLN 1920 SV Glückauf Rüdersdorf - FC"]
[Site "?"]
[Date "2019.12.07"]
[Round "5.1"]
[White "Socko, Bartosz"]
[Black "Kanarek, Marcel"]
[Result "1-0"]
[WhiteElo "2618"]
[BlackElo "2478"]
[PlyCount "131"]
[EventDate "2019.??.??"]

1. d4 g6 2. Nf3 Bg7 3. c4 d6 4. g3 c5 5. d5 Nf6 6. Bg2 O-O 7. Nc3 e6 8. dxe6
Bxe6 9. Ng5 Nc6 10. Nxe6 fxe6 11. O-O Qe7 12. Bf4 Rad8 13. Qd2 Nh5 14. Bg5 Bf6
15. Bh6 Bg7 16. Bg5 Bf6 17. Ne4 Bxg5 18. Nxg5 Nd4 19. h4 Nf6 20. Rad1 d5 21. e3
Nf5 22. Qe2 h6 23. Nh3 Qf7 24. Rd2 Rd7 25. Rfd1 Rfd8 26. Nf4 b6 27. Qf3 dxc4
28. Rxd7 Rxd7 29. Rxd7 Nxd7 30. Qa8+ Kg7 31. Qxa7 g5 32. hxg5 hxg5 33. Ne2 Ne5
34. Qxb6 Nd3 35. Nc3 Nh4 36. Qb7 Nxg2 37. Qxf7+ Kxf7 38. Kxg2 Nxb2 39. Kf3 Nd3
40. a4 Ne5+ 41. Ke4 Nc6 42. g4 Ke7 43. f4 gxf4 44. Kxf4 Kf6 45. Ne4+ Kg6 46.
Kf3 Ne5+ 47. Kg3 Nc6 48. Kf4 Kh6 49. Kf3 Ne5+ 50. Kg3 Nc6 51. Kf2 Ne5 52. g5+
Kg6 53. a5 c3 54. Nxc3 Nc6 55. a6 Kxg5 56. Nb5 Kf5 57. a7 Nxa7 58. Nxa7 Ke4 59.
Ke2 Kd5 60. Nb5 Kc4 61. Nc7 e5 62. Ne6 Kd5 63. Ng5 Kc4 64. Kd2 Kb3 65. Nf7 c4
66. Nxe5 1-0

[Event "2BLN 1920 SV Glückauf Rüdersdorf - FC"]
[Site "?"]
[Date "2019.12.07"]
[Round "5.2"]
[White "Leniart, Arkadiusz"]
[Black "Krause, Benedict"]
[Result "1/2-1/2"]
[WhiteElo "2508"]
[BlackElo "2423"]
[PlyCount "88"]
[EventDate "2019.??.??"]

1. d4 Nf6 2. c4 g6 3. Nc3 d5 4. Bg5 Bg7 5. Bxf6 Bxf6 6. cxd5 c6 7. e4 Bg7 8.
Nf3 O-O 9. dxc6 Nxc6 10. d5 Qb6 11. Qb3 Qxb3 12. axb3 Nd4 13. Nxd4 Bxd4 14. Bc4
Bd7 15. Ke2 Rfc8 16. Rhc1 b5 17. Bd3 a6 18. Nd1 Rxc1 19. Rxc1 Ra7 20. Bb1 e6
21. Kd3 Be5 22. f3 exd5 23. exd5 Kf8 24. Ke3 Ke7 25. Be4 Kd6 26. Rc2 Rc7 27. f4
Bg7 28. Rxc7 Kxc7 29. Kd3 Kd6 30. b4 Bc8 31. b3 Bb7 32. Ne3 Bb2 33. Ke2 Bd4 34.
Kd3 Bxe3 35. Kxe3 Bxd5 36. Kd4 Bxb3 37. Bb7 Be6 38. Bf3 f6 39. Be4 Bd7 40. Bd5
h6 41. h4 g5 42. fxg5 fxg5 43. hxg5 hxg5 44. Bf3 Be6 1/2-1/2